000 00452nam a2200181Ia 4500
003 GCL
008 140319s9999 xx 000 0 eng d
040 _aGCL /
_cGCL
082 0 4 _a823
_bH M
100 1 _aHARDY, THOMAS
245 1 0 _aTHE MAYOR OF CASTERBRIDGE /
_cHARDY, THOMAS
260 _a[S.N] :
_bYORK PRESS ،
_c1989
300 _a400 PP
650 0 4 _aENGLISH LITERATURE
650 0 4 _aENGLISH FICTION
650 0 4 _aFICTION
942 _2ddc
_cBK
999 _c18152
_d18152